Loading...

Panchayati raj evam mahila bhagidhari

Bibliographic Details
Main Author: Archana
Format: Printed Book
Published: Delhi Sai Pusthak Mandir 2012
Subjects:
LEADER 00578nam a22001817a 4500
020 |a 81-907384-5-1 
082 |a H 352.17  |b ARC/P 
100 |a Archana 
245 |a Panchayati raj evam mahila bhagidhari 
260 |a Delhi  |b Sai Pusthak Mandir  |c 2012 
300 |a 176p. 
650 |a Panchayati Raj 
650 |a Panchayati Raj Women 
650 |a Local Government 
650 |a Public Administration 
942 |c BK 
999 |c 52119  |d 52119 
952 |0 0  |1 0  |4 0  |6 H_352_170000000000000_ARC_P  |7 0  |9 75788  |a SSUS  |b SSUS  |c STACKS  |d 2015-03-24  |o H 352.17 ARC/P  |p 074338  |r 2015-03-24  |v 350.00  |w 2015-03-24  |y BK